Statistics for TOP 50 PLAYERS IN NHL 24

Click here to take the quiz!

General Stats

  • This quiz has been taken 91 times
  • The average score is 32 of 50

Answer Stats

HintAnswer% Correct
97 - CConnor McDavid
100%
95 - DCale Makar
97%
93 - CAuston Matthews
95%
95 - CNathan MacKinnon
93%
95 - CLeon Draisaitl
92%
93 - CSidney Crosby
90%
95 - RWDavid Pastrnak
85%
92 - RWMitchell Marner
83%
91 - LWAlex Ovechkin
81%
94 - RWNikita Kucherov
80%
89 - LWBrady Tkachuk
75%
94 - LWMatthew Tkachuk
75%
91 - LWBrad Marchand
73%
91 - CJack Hughes
73%
90 - DQuinn Hughes
73%
90 - CSteven Stamkos
73%
89 - RWWilliam Nylander
73%
93 - LWArtemi Panarin
69%
92 - GIgor Shesterkin
69%
93 - GAndrei Vasilevskiy
68%
93 - RWMikko Rantanen
68%
93 - DVictor Hedman
68%
92 - CElias Pettersson
66%
94 - DRoman Josi
66%
92 - DAdam Fox
64%
90 - CSebastian Aho
63%
91 - DErik Karlsson
59%
90 - CEvgeni Malkin
59%
92 - LWJason Robertson
58%
92 - CBrayden Point
56%
91 - GConnor Hellebuyck
56%
92 - GIlya Sorokin
56%
90 - GJake Oettinger
56%
90 - GLinus Ullmark
56%
90 - CMika Zibanejad
56%
92 - CAleksander Barkov
54%
92 - DCharlie McAvoy
54%
91 - CJack Eichel
51%
90 - RWMark Stone
51%
92 - LWKirill Kaprizov
49%
89 - GJuuse Saros
47%
91 - CTage Thompson
47%
90 - DMiro Heiskanen
46%
91 - DRasmus Dahlin
42%
89 - LWJohnny Gaudreau
39%
89 - CTim Stützle
39%
90 - DDougie Hamilton
37%
89 - RWAndrei Svechnikov
36%
89 - LWClayton Keller
34%
90 - DJohn Carlson
34%

Score Distribution

Percentile by Number Answered

Percent of People with Each Score

Your Score History

You have not taken this quiz